| 000 | 01550nam a2200385 a 4500 | ||
|---|---|---|---|
| 001 | ebr10523540 | ||
| 003 | CaPaEBR | ||
| 006 | m u | ||
| 007 | cr cn||||||||| | ||
| 008 | 110126s2011 enkb sb 000 0 eng d | ||
| 010 | _z 2011003907 | ||
| 020 | _z9780857287731 (hardcover : alk. paper) | ||
| 020 | _z0857287737 | ||
| 020 | _z9780857288356 (e-book) | ||
| 040 |
_aCaPaEBR _cCaPaEBR |
||
| 035 | _a(OCoLC)779165848 | ||
| 043 | _aaz----- | ||
| 050 | 1 | 4 |
_aJQ98.A91 _bT79 2011eb |
| 082 | 0 | 4 |
_a320.954 _222 |
| 245 | 0 | 0 |
_aTrysts with democracy _h[electronic resource] : _bpolitical practice in South Asia / _cedited by Stig Toft Madsen, Kenneth Bo Nielsen, and Uwe Skoda. |
| 260 |
_aLondon ; _aNew York : _bAnthem Press, _cc2011. |
||
| 300 |
_axvii, 301 p. : _bmap. |
||
| 504 | _aIncludes bibliographical references. | ||
| 505 | 0 | _apt. 1. Theoretical issues -- pt. 2. India -- pt. 3. Beyond India. | |
| 533 |
_aElectronic reproduction. _bPalo Alto, Calif. : _cebrary, _d2012. _nAvailable via World Wide Web. _nAccess may be limited to ebrary affiliated libraries. |
||
| 650 | 0 |
_aDemocracy _zSouth Asia. |
|
| 650 | 0 |
_aPolitical participation _zSouth Asia. |
|
| 651 | 0 |
_aSouth Asia _xPolitics and government _y21st century. |
|
| 655 | 7 |
_aElectronic books. _2local |
|
| 700 | 1 | _aMadsen, Stig Toft. | |
| 700 | 1 | _aNielsen, Kenneth Bo. | |
| 700 | 1 |
_aSkoda, Uwe, _d1973- |
|
| 710 | 2 | _aebrary, Inc. | |
| 856 | 4 | 0 |
_uhttp://site.ebrary.com/lib/rucke/Doc?id=10523540 _zAn electronic book accessible through the World Wide Web; click to view |
| 999 |
_c142825 _d142825 |
||